000 01006nam a22003017a 4500
003 SEM
005 20240621121230.0
008 240614s1999 cau||||gr||||||01|||rus|d
020 _a0-7363-0545-9 (Т. 1)
020 _a0-7363-0551-3 (США) (Т. 2)
020 _a5-901482-0186-8 (Рос.) (Т. 2)
020 _a0-7363-0557-2 (США) (Т. 3)
020 _a5-901482-0188-8 (Рос.) (Т. 3)
040 _aSEM
_cSEM
082 _a228/Л-55
100 _aЛи, Уитнесс
_d(1905-1997)
245 _aЖизнеизучение :
_bОткровения /
_cУ. Ли
246 _aLife-Study of Revelation /
260 _aАнахайм :
_b«Живой поток»,
_c1999.
300 _aТ. ;
_c20 см
505 _aТ. 1-
_g1999.-XVIII+229 с.
505 _aТ. 2-
_g2002.-XII+231-427 с.
505 _aТ. 3 -
_g2002.-XII+429-635 с.
650 _aНовий Завет
_xОткровение
650 _aКнига заключения
653 _aՍԷՄ
942 _2ddc
_cBK
999 _c62741
_d62741